| 000 | 01373nam a2200265 i 4500 | ||
|---|---|---|---|
| 001 | bg | ||
| 245 | 0 | 0 |
_aDesign and optimization of intelligent machine tools : _bXI Workshop on Supervising and Diagnostics of Machining Systems, Karpacz, Poland, March 12-17, 2000 / _ced. by J. Jędrzejewski. |
| 260 |
_aWrocław : _bOficyna Wydawnicza PW, _c2000. |
||
| 300 |
_a215, [15] s. : _bil. ; _c24 cm. |
||
| 490 | 1 |
_aPrace Naukowe Instytutu Technologii Maszyn i Automatyzacji Politechniki Wrocławskiej. Konferencje = _aScientific Papers of the Institute of Production Engineering and Automation of the Wrocław University of Technology. Conferences, _x0867-7778 ; _v35 |
|
| 500 | _aTyt. równol.: Projektowanie i optymalizacja inteligentnych obrabiarek. - Numer serii gł.: 76. - Streszcz. pol. przy ref. | ||
| 504 | _aBibliogr. przy ref. | ||
| 650 | 9 | _aDiagnostyka techniczna | |
| 650 | 9 |
_aInteligencja sztuczna _xstosowanie _xtechnika |
|
| 650 | 9 |
_aObrabiarki _xprojekty |
|
| 650 | 9 |
_aOptymalizacja _xstosowanie _xtechnika |
|
| 655 | _aMateriały konferencyjne | ||
| 700 | 1 |
_aJĘDRZEJEWSKI, Jerzy. _eRed. |
|
| 830 | 0 |
_aPrace Naukowe Instytutu Technologii Maszyn i Automatyzacji Politechniki Wrocławskiej. _pKonferencje ; _v35 |
|
| 040 | _cBPK | ||
| 041 | 0 |
_aen _bpl |
|
| 080 | _a621.9.06-52:004.8:519.863](061) | ||
| 942 | _cKS | ||
| 008 | s pl f |000 0 pol | ||
| 999 |
_c38872 _d38872 |
||
| 856 |
_uhttp://koha.tu.koszalin.pl/cgi-bin/koha/opac-detail.pl?biblionumber=38872 _yKatalog online BPK |
||